000 00791nam a2200301Ia 4500
008 190123s9999 xx 000 0 und d
020 _a9780531222072
050 _bV458 2009
100 _aVenezia, Mike
245 0 _aAlexander Graham Bell :
245 0 _bSetting the tone for communication /
245 0 _cby Mike Venezia.
260 _aNew York, New York :
260 _bScholastic,
260 _c2009
300 _a32 pages :
300 _bcolored illustrations ;
300 _c24cm.
440 _aGetting to know the world's greatest investors & scientists.
500 _a890L
650 _aDeaf --
650 _aInventors.
650 _aTelephone.
650 _aUnited States.
650 _xMeans of communication.
700 _aSeries.
700 _aTitle.
999 _c361109
_d361109